Income inequality in Slovakia

Použitie Giniho koeificientu a Theilovho indexu pri vyčíslení vplyvu regionálnej príslušnosti na veľkosť príjmovej nerovnosti.

Enregistré dans:
Détails bibliographiques
Auteur principal: Labudová, Viera, 1958-
Format: Chapitre de livre
Langue:anglais
Sujets:
Tags: Ajouter un tag
Pas de tags, Soyez le premier à ajouter un tag!

MARC

LEADER 00000naa a2200000 4500
001 0172128
005 20240502072942.8
041 0 |a eng 
044 |a SK 
245 1 0 |a Income inequality in Slovakia  |c Viera Labudová 
520 |a Použitie Giniho koeificientu a Theilovho indexu pri vyčíslení vplyvu regionálnej príslušnosti na veľkosť príjmovej nerovnosti. 
610 2 0 |a analýza empirická 
610 2 0 |a nerovnosť sociálna 
610 2 0 |a príjmy obyvateľstva 
610 2 0 |a analýza štatistická 
100 1 |a Labudová, Viera, 1958-